<?xml version="1.0" encoding="UTF-8"?>
<record
    xmlns:xsi="http://www.w3.org/2001/XMLSchema-instance"
    xsi:schemaLocation="http://www.loc.gov/MARC21/slim http://www.loc.gov/standards/marcxml/schema/MARC21slim.xsd"
    xmlns="http://www.loc.gov/MARC21/slim">

  <leader>00415nam a22001217a 4500</leader>
  <datafield tag="040" ind1=" " ind2=" ">
    <subfield code="c">RUA</subfield>
  </datafield>
  <datafield tag="082" ind1=" " ind2=" ">
    <subfield code="a">ANI PHE 2022 C160 Or.</subfield>
  </datafield>
  <datafield tag="100" ind1=" " ind2=" ">
    <subfield code="a">PHEM MENGHAK, &#x1797;&#x17B9;&#x1798; &#x1798;&#x17C9;&#x17C1;&#x1784;&#x17A0;&#x17B6;&#x1780;&#x17CB;</subfield>
  </datafield>
  <datafield tag="245" ind1=" " ind2=" ">
    <subfield code="a">Animal Genetics And Breeding, &#x179F;&#x17C1;&#x1793;&#x17C1;&#x1791;&#x17B7;&#x1785; &#x1793;&#x17B7;&#x1784;&#x1794;&#x1784;&#x17D2;&#x1780;&#x17B6;&#x178F;&#x17CB;&#x1796;&#x17BC;&#x1787;&#x179F;&#x178F;&#x17D2;&#x179C;.</subfield>
  </datafield>
  <datafield tag="260" ind1=" " ind2=" ">
    <subfield code="a">PHNOM PENH</subfield>
    <subfield code="b">RUA</subfield>
    <subfield code="c">20227</subfield>
  </datafield>
  <datafield tag="300" ind1=" " ind2=" ">
    <subfield code="a">i.70p.</subfield>
    <subfield code="b">ill.</subfield>
    <subfield code="c">29cm.</subfield>
  </datafield>
  <datafield tag="942" ind1=" " ind2=" ">
    <subfield code="c">&#x179F;&#x17C0;&#x179C;&#x1797;&#x17C5;&#x1782;&#x17C4;&#x179B;</subfield>
  </datafield>
  <datafield tag="999" ind1=" " ind2=" ">
    <subfield code="c">25526</subfield>
    <subfield code="d">25526</subfield>
  </datafield>
  <datafield tag="952" ind1=" " ind2=" ">
    <subfield code="0">0</subfield>
    <subfield code="1">0</subfield>
    <subfield code="4">0</subfield>
    <subfield code="6">ANI_PHE_2022_000000000000000_C160_OR</subfield>
    <subfield code="7">0</subfield>
    <subfield code="9">105913</subfield>
    <subfield code="a">LBC</subfield>
    <subfield code="b">LBC</subfield>
    <subfield code="c">C160</subfield>
    <subfield code="d">2026-03-03</subfield>
    <subfield code="o">ANI PHE 2022 C160 Or.</subfield>
    <subfield code="p">C034462</subfield>
    <subfield code="r">2026-03-03</subfield>
    <subfield code="y">&#x179F;&#x17C0;&#x179C;&#x1797;&#x17C5;&#x1782;&#x17C4;&#x179B;</subfield>
  </datafield>
</record>
